Пословицы и поговорки русского народа

التفاصيل البيبلوغرافية
المؤلف الرئيسي: Даль В. И. Владимир Иванович
الملخص:Владимир Иванович Даль (1801—1872) — русский писатель, лексикограф, этнограф. Еще в молодости он обратил внимание на разницу между речью образованных людей и простого народа и начал собирать народные слова и выражения, стараясь выяснить их происхождение. Итогом почти пятидесятилетнего труда стал сборник, уникальный и, пожалуй, до сих пор единственный в своем роде по объему и разнообразию материала: в него вошли пословицы и поговорки русского народа, скороговорки, приметы, загадки.
اللغة:الروسية
منشور في: Москва, Эксмо, 2007
سلاسل:Русская классика
الموضوعات:
التنسيق: MixedMaterials كتاب
KOHA link:https://koha.lib.tpu.ru/cgi-bin/koha/opac-detail.pl?biblionumber=124795

MARC

LEADER 00000nam0a2200000 4500
001 124795
005 20231101215906.0
010 |a 9785699214457 
035 |a (RuTPU)RU\TPU\book\135051 
090 |a 124795 
100 |a 20071107d2007 m y0rusy50 ca 
101 0 |a rus 
102 |a RU 
105 |a y z 000zy 
200 1 |a Пословицы и поговорки русского народа  |f В. И. Даль 
210 |a Москва  |c Эксмо  |d 2007 
215 |a 640 с. 
225 1 |a Русская классика 
330 |a Владимир Иванович Даль (1801—1872) — русский писатель, лексикограф, этнограф. Еще в молодости он обратил внимание на разницу между речью образованных людей и простого народа и начал собирать народные слова и выражения, стараясь выяснить их происхождение. Итогом почти пятидесятилетнего труда стал сборник, уникальный и, пожалуй, до сих пор единственный в своем роде по объему и разнообразию материала: в него вошли пословицы и поговорки русского народа, скороговорки, приметы, загадки. 
610 1 |a устное народное творчество 
610 1 |a русская литература 
610 1 |a пословицы 
610 1 |a поговорки 
610 1 |a русский народ 
610 1 |a фольклор 
675 |a 811  |v 3 
700 1 |a Даль  |b В. И.  |c русский писатель, лексикограф, этнограф  |c член-корреспондент Петербургской Академии наук  |f 1801-1872  |g Владимир Иванович  |2 stltpush  |3 (RuTPU)RU\TPU\pers\10607  |9 2283 
801 1 |a RU  |b 63413507  |c 20071107  |g PSBO 
801 2 |a RU  |b 63413507  |c 20161011  |g PSBO 
942 |c BK 
959 |a 78/20071106  |d 1  |e 156,53  |f ХФ:1